[Event "AUTO-OPEN-2087"]
[Site "http://www.queenalice.com/game.php?id=825616"]
[Date "2010.8.30"]
[Round "1"]
[White "TecmoTim"]
[Black "castropereira"]
[Result "1-0"]
[WhiteElo "2097"]
[BlackElo "1016"]

1. e4 e5 2. Bc4 d6 3. Nc3 Be6 4. Bb3 a5 5. d3 b6 6. Nf3 f6 7. Bxe6 Be7 8. O-O h6
9. Be3 h5 10. Nh4 Na6 11. f4 exf4 12. Rxf4 Nc5 13. Bd5 g5 14. Bc6+ Qd7 15. Bxd7+
Kxd7 16. Rf1 Na4 17. Nf5 Nxc3 18. bxc3 Ke6 19. Qb1 Kf7 20. Qb3+ Ke8 21. Qb5+ Kd8
22. Qc6 Kc8 23. Qxa8+ Kd7 24. Qb7 a4 25. Bxb6 g4 26. Qxc7+ Ke6 27. Qc8+ Ke5 28.
Nxe7 Nxe7 29. Qxh8 Ke6 30. Qxf6+ Kd7 31. Qg7 Kc6 32. Qxe7 Kxb6 33. Rab1+ Kc5 34.
Rf5+ Kc6 35. Qb7# 1-0

[Event "AUTO-OPEN-2087"]
[Site "http://www.queenalice.com/game.php?id=825633"]
[Date "2010.8.30"]
[Round "1"]
[White "TecmoTim"]
[Black "rajneesh"]
[Result "1-0"]
[WhiteElo "2108"]
[BlackElo "1528"]

1. d4 d5 2. Nf3 Nf6 3. Bg5 e6 4. c3 Be7 5. Nbd2 Nbd7 6. e3 a6 7. Bd3 c5 8. O-O
c4 9. Bc2 O-O 10. Re1 Qc7 11. e4 Nb6 12. e5 Ne8 13. Nf1 f6 14. exf6 Bxf6 15.
Bxf6 Nxf6 16. Ne5 Nfd7 17. Qh5 Nf6 18. Qh4 Bd7 19. Re3 Be8 20. Rh3 h6 21. Rg3
Nbd7 22. Re1 Qd8 23. Qxh6 1-0

[Event "AUTO-OPEN-2087"]
[Site "http://www.queenalice.com/game.php?id=825634"]
[Date "2010.8.30"]
[Round "1"]
[White "rajneesh"]
[Black "TecmoTim"]
[Result "0-1"]
[WhiteElo "1575"]
[BlackElo "2103"]

1. e4 c5 2. Nf3 Nc6 3. Bb5 e6 4. Bxc6 bxc6 5. d3 Be7 6. Be3 d5 7. exd5 cxd5 8.
c3 Nf6 9. O-O O-O 10. Nbd2 Rb8 11. Qa4 Qb6 12. Nb3 Bd7 13. Qa3 Rfc8 14. c4 Ng4
15. Bf4 Bd6 16. Bxd6 Qxd6 17. Na5 d4 18. Rab1 Rb4 19. h3 Nf6 20. b3 h6 21. Rfe1
Re8 22. Qb2 Qc7 23. a3 Rbb8 24. b4 e5 25. Nb3 cxb4 26. axb4 Rxb4 27. Qd2 Qb6 28.
Qc2 Ba4 0-1

[Event "QA-ANNIV-05"]
[Site "http://www.queenalice.com/game.php?id=841285"]
[Date "2010.10.3"]
[Round "6"]
[White "TecmoTim"]
[Black "REIDID93"]
[Result "1-0"]
[WhiteElo "2112"]
[BlackElo "1865"]

1. d4 Nf6 2. Bg5 g6 3. Bxf6 exf6 4. e4 d5 5. Bd3 dxe4 6. Bxe4 f5 7. Bf3 Bg7 8.
c3 O-O 9. Ne2 c6 10. O-O Nd7 11. Re1 Nf6 12. Ng3 Be6 13. Nd2 Qa5 14. Qc2 Nd5 15.
Nb3 Qc7 16. Nc5 Rae8 17. Qd2 b6 18. Nxe6 fxe6 19. Re2 Nf4 20. Ree1 e5 21. dxe5
Bxe5 22. Rad1 Rd8 23. Qc2 c5 24. Nf1 Kg7 25. Ne3 Kf6 26. g3 Rxd1 27. Rxd1 Qb8
28. gxf4 Bxf4 29. Nd5+ Kg5 30. Nxf4 Qxf4 31. Qd2 Rf7 32. Qxf4+ Kxf4 33. Kg2 g5
34. Bd5 Rd7 35. Bb3 Re7 36. Kf1 h5 37. Rd5 Ke4 38. Rd6 h4 39. Bc2+ Kf4 40. Rf6
Re5 41. c4 Kg4 42. Kg2 h3+ 43. Kf1 f4 44. Bd1+ 1-0

[Event "AUTO-OPEN-2128"]
[Site "http://www.queenalice.com/game.php?id=843569"]
[Date "2010.10.9"]
[Round "1"]
[White "JoseASeguro"]
[Black "TecmoTim"]
[Result "1-0"]
[WhiteElo "2129"]
[BlackElo "2118"]

1. c4 c6 2. e4 d5 3. exd5 cxd5 4. d4 Nf6 5. c5 g6 6. Bb5+ Nc6 7. Nc3 a6 8. Ba4
Bg7 9. Nf3 O-O 10. h3 Bd7 11. Be3 Re8 12. Bb3 e6 13. O-O b6 14. Na4 bxc5 15.
dxc5 Rb8 16. Qe2 a5 17. Nb6 Qe7 18. Rac1 Ne4 19. Ba4 Red8 20. Bxc6 Bxc6 21. Rfd1
Qb7 22. Bd4 Nf6 23. Be5 Nd7 24. Bxb8 Rxb8 25. Nxd7 Qxd7 26. Ne5 Qc7 27. Nxc6
Qxc6 28. Rd2 Rb5 29. Qd3 Rxc5 30. Rxc5 Qxc5 31. Rc2 Qb4 32. Rc8+ Bf8 33. Qc3 Qb7
34. Rd8 h6 35. Qc5 1-0

[Event "AUTO-OPEN-2128"]
[Site "http://www.queenalice.com/game.php?id=843570"]
[Date "2010.10.9"]
[Round "1"]
[White "TecmoTim"]
[Black "JoseASeguro"]
[Result "1/2-1/2"]
[WhiteElo "2106"]
[BlackElo "2167"]

1. d4 g6 2. Bg5 Nf6 3. Nd2 Bg7 4. e3 O-O 5. Bd3 d5 6. Ngf3 Nbd7 7. O-O c5 8. c3
c4 9. Bc2 Nb6 10. e4 Nxe4 11. Nxe4 dxe4 12. Bxe4 f5 13. Bc2 Qc7 14. Re1 e6 15.
Ne5 Bd7 16. Qd2 Nd5 17. Bh6 b5 18. Bxg7 Kxg7 19. Qg5 Rfe8 20. h4 Qd8 21. Qg3 Nf6
22. Bd1 Ng8 23. h5 g5 24. Nxd7 Qxd7 25. Qxg5+ Kf8 26. Re3 Qg7 27. Qf4 Qd7 28.
Rg3 Re7 29. h6 Nf6 30. Qg5 Rf7 31. Bh5 Nxh5 32. Qxh5 Rc8 33. Re1 Re8 34. Rg5 Rf6
35. Re3 Qf7 36. Qh4 Rg6 37. Reg3 Qf6 38. Qh5 Kf7 39. f4 Rg8 40. Kf2 Qd8 41. Qf3
Qc7 42. a3 a5 43. d5 Qc5+ 44. Qe3 Qxe3+ 45. Kxe3 exd5 46. Rxf5+ Ke6 47. Re5+ Kd6
48. Reg5 Re8+ 49. Kf2 Rxh6 50. Rg7 Rf6 51. Rf3 Ref8 52. g3 R8f7 53. Rxf7 Rxf7
54. Re3 h5 55. Kf3 b4 56. Re5 Rb7 57. Rxh5 bxa3 58. bxa3 Rb3 59. Re5 Rxc3+ 60.
Re3 Rxe3+ 1/2-1/2

[Event "AUTO-OPEN-2128"]
[Site "http://www.queenalice.com/game.php?id=843597"]
[Date "2010.10.9"]
[Round "1"]
[White "elche"]
[Black "TecmoTim"]
[Result "0-1"]
[WhiteElo "1795"]
[BlackElo "2104"]

1. e4 c5 2. Nc3 e6 3. g3 Nc6 4. Bg2 Nf6 5. d3 d6 6. Nge2 Be7 7. O-O O-O 8. h3
Rb8 9. f4 Bd7 10. Rb1 b5 11. a3 a5 12. b3 b4 13. axb4 axb4 14. Na4 Ra8 15. Be3
d5 16. Nxc5 Qb6 17. d4 dxe4 18. Nxd7 Nxd7 19. d5 Qxe3+ 20. Kh1 exd5 21. Qc1 Qxe2
22. Re1 Qb5 23. Bf1 Qb6 24. Qe3 Qxe3 25. Rxe3 Ra2 26. Bb5 Rc8 0-1

[Event "AUTO-OPEN-2128"]
[Site "http://www.queenalice.com/game.php?id=843598"]
[Date "2010.10.9"]
[Round "1"]
[White "TecmoTim"]
[Black "elche"]
[Result "1-0"]
[WhiteElo "2107"]
[BlackElo "1791"]

1. d4 Nf6 2. Bg5 e6 3. Nd2 d5 4. Ngf3 Nbd7 5. e4 dxe4 6. Nxe4 Be7 7. Bd3 O-O 8.
c3 Nxe4 9. Bxe7 Qxe7 10. Bxe4 f5 11. Bd3 c6 12. Qd2 Nf6 13. O-O-O Nd7 14. Rde1
b5 15. h4 Nf6 16. Bxf5 Nd5 17. Bd3 a5 18. Ne5 b4 19. c4 Nb6 20. g4 Bb7 21. c5
Nd5 22. Qc2 g6 23. h5 Nf4 24. hxg6 Nxd3+ 25. Qxd3 Qg5+ 26. Kb1 hxg6 27. Nxg6
Rxf2 28. Ne5 Qg7 29. Rh4 Ba6 30. Qe4 Raf8 31. Ng6 R8f6 32. Rh8+ Kf7 33. Rf8+
Qxf8 34. Nxf8 Kxf8 35. g5 R2f3 36. Kc1 1-0

[Event "AUTO-OPEN-2128"]
[Site "http://www.queenalice.com/game.php?id=843615"]
[Date "2010.10.9"]
[Round "1"]
[White "mapers"]
[Black "TecmoTim"]
[Result "0-1"]
[WhiteElo "1520"]
[BlackElo "2117"]

1. e4 c5 2. Qh5 Nf6 3. Qxc5 Nxe4 4. Qe5 Nf6 5. d4 Nc6 6. Qe3 d5 7. Bb5 Bd7 8.
Nc3 e6 9. Nf3 Nb4 10. Qd2 Bxb5 11. Nxb5 Ne4 12. Qe2 Be7 13. c4 Nf6 14. c5 O-O
15. a3 Nc6 16. Ne5 Nxe5 17. dxe5 Nd7 18. b4 a6 19. Nd4 Qc7 20. f4 b6 21. c6 Nb8
22. O-O Nxc6 23. Qc2 Rac8 24. Nxc6 Qxc6 25. Qe2 b5 26. Be3 Qb7 27. Qh5 f6 28.
exf6 Bxf6 29. Rad1 Rc2 30. Rf3 Rfc8 31. Rh3 g6 32. Qh6 Qg7 33. Kf1 R8c3 34. f5
Qxh6 35. Rxh6 Rxe3 36. fxg6 Kg7 37. Rh3 Rxh3 38. gxh3 hxg6 39. Re1 Rc3 40. Rxe6
Rxa3 41. Rb6 d4 42. Ke1 Ra2 43. Rb7+ Kh6 44. Rf7 Kg5 45. Rd7 Kf5 46. Rd5+ Ke4
47. Rd6 Ke5 48. Rd7 Rxh2 49. Ra7 Rxh3 50. Rxa6 Rb3 51. Kd2 g5 52. Kc2 Rxb4 53.
Ra3 Ke4 54. Rb3 Rxb3 55. Kxb3 d3 56. Kb4 d2 57. Kxb5 d1=Q 58. Kc6 Qd5+ 59. Kc7
Ke5 60. Kc8 Qd6 61. Kb7 Kd5 62. Ka7 Qb4 63. Ka6 Kc6 64. Ka7 Qb7# 0-1

[Event "AUTO-OPEN-2128"]
[Site "http://www.queenalice.com/game.php?id=843616"]
[Date "2010.10.9"]
[Round "1"]
[White "TecmoTim"]
[Black "mapers"]
[Result "1-0"]
[WhiteElo "2110"]
[BlackElo "1494"]

1. d4 e6 2. Nf3 Bb4+ 3. c3 Ba5 4. e4 d5 5. e5 Nh6 6. Bd3 c6 7. Bg5 f6 8. exf6
gxf6 9. Bxh6 e5 10. dxe5 fxe5 11. Nxe5 Qd6 12. Qh5+ Kd8 13. Nf7+ Kc7 14. Nxd6
Kxd6 15. Bf4+ Kd7 16. Qf7+ Kd8 17. Qf6+ Kd7 18. Bf5+ Ke8 19. Qxh8+ Ke7 20. Qxc8
Bd8 21. Kd2 h5 22. Re1+ Kf6 23. Qe6+ Kg7 24. Qg6+ Kf8 25. Re8# 1-0

[Event "OS INCLIVEIS"]
[Site "http://www.queenalice.com/game.php?id=852057"]
[Date "2010.10.29"]
[Round "-"]
[White "adelio"]
[Black "TecmoTim"]
[Result "0-1"]
[WhiteElo "1658"]
[BlackElo "2111"]

1. g3 d5 2. b3 c6 3. Bb2 Bf5 4. d3 e6 5. Bg2 Nf6 6. Bxf6 Qxf6 7. d4 Bd6 8. c3
O-O 9. Nd2 c5 10. Ngf3 Nc6 11. Nh4 Bg4 12. O-O cxd4 13. h3 Bh5 14. cxd4 Nxd4 15.
Ndf3 Nxf3+ 16. exf3 Rac8 17. g4 Qxh4 18. gxh5 Qxh5 19. Qd2 Qe5 20. f4 Qxf4 21.
Qxf4 Bxf4 22. h4 Rc2 23. Bh3 Rfc8 24. Kg2 R8c3 25. b4 d4 26. Rae1 e5 27. Re4 d3
28. Kf3 d2+ 29. Kg4 Rc1 30. f3 Rxf1 31. Bxf1 d1=Q 32. Rxf4 exf4 33. Bh3 Qxf3+
34. Kg5 Qxh3 35. a4 h6+ 36. Kxf4 Rc4+ 37. Ke5 Qe6# 0-1

[Event "QA-ANNIV-05"]
[Site "http://www.queenalice.com/game.php?id=885886"]
[Date "2011.1.13"]
[Round "7"]
[White "Champignac"]
[Black "TecmoTim"]
[Result "1-0"]
[WhiteElo "1986"]
[BlackElo "2112"]

1. e4 c5 2. f4 Nc6 3. Nf3 g6 4. Nc3 Bg7 5. Bc4 e6 6. e5 d5 7. exd6 Qxd6 8. Ne4
Qe7 9. O-O Nh6 10. c3 b6 11. d3 Bb7 12. a3 O-O 13. Be3 Nf5 14. Bf2 Rad8 15. Qe2
Nd6 16. Bb3 e5 17. Bh4 Qd7 18. Bxd8 Rxd8 19. Nxd6 Qxd6 20. Rad1 exf4 21. Ng5 Rf8
22. Nxf7 Rxf7 23. Qe8+ Qf8 24. Bxf7+ Kh8 25. Qxf8+ Bxf8 26. Rxf4 Ne5 27. Bb3 Bd6
28. Rf6 Bc7 29. d4 Ng4 30. Rf7 Bxh2+ 31. Kh1 Be4 32. dxc5 1-0

[Event "AUTO-OPEN-2087"]
[Site "http://www.queenalice.com/game.php?id=890392"]
[Date "2011.1.24"]
[Round "2"]
[White "TecmoTim"]
[Black "msbasso01"]
[Result "1-0"]
[WhiteElo "2095"]
[BlackElo "1912"]

1. d4 Nf6 2. Bg5 d5 3. Nf3 e6 4. Nbd2 Be7 5. e3 O-O 6. Bd3 h6 7. Bh4 c5 8. c3
cxd4 9. exd4 Nc6 10. O-O a6 11. Re1 Re8 12. Ne5 Bd7 13. f4 Nh7 14. Bxe7 Nxe7 15.
Qh5 Rf8 16. Ndf3 Nf6 17. Qh4 Nc6 18. Nxc6 Bxc6 19. Ne5 Rc8 20. Re3 Nh7 21. Qg4
Nf6 22. Qh3 Nd7 23. Rg3 Qf6 24. Rf1 Nb6 25. f5 Rcd8 26. fxe6 Qxe6 27. Qh4 f6 28.
Nxc6 Qxc6 29. Qxh6 1-0

[Event "AUTO-OPEN-2087"]
[Site "http://www.queenalice.com/game.php?id=890393"]
[Date "2011.1.24"]
[Round "2"]
[White "msbasso01"]
[Black "TecmoTim"]
[Result "0-1"]
[WhiteElo "1903"]
[BlackElo "2103"]

1. e4 c5 2. Nc3 Nc6 3. g3 g6 4. Bg2 Bg7 5. Nge2 d6 6. O-O e6 7. d3 Nge7 8. Bg5
O-O 9. Qd2 a6 10. Bh6 b5 11. Bxg7 Kxg7 12. f4 Bb7 13. Kh1 Rc8 14. Rac1 b4 15.
Nd1 Qa5 16. Ra1 Nd4 17. c3 bxc3 18. Ndxc3 Nec6 19. Rf2 Nxe2 20. Qxe2 Nd4 21. Qd2
Rb8 22. b3 Nxb3 23. Qb2 Nxa1 24. Qxa1 Kg8 25. Rf1 Bc6 26. Kg1 Rb7 27. Ne2 Qd2
0-1

[Event "QA-ANNIV-05"]
[Site "http://www.queenalice.com/game.php?id=921152"]
[Date "2011.4.3"]
[Round "8"]
[White "TecmoTim"]
[Black "Railton"]
[Result "1-0"]
[WhiteElo "2109"]
[BlackElo "1808"]

1. d4 d5 2. Nf3 a6 3. Bg5 h6 4. Bh4 Nc6 5. e3 Qd7 6. c3 Nf6 7. Bd3 e6 8. O-O Be7
9. Nbd2 Nh5 10. Bxe7 Qxe7 11. e4 dxe4 12. Nxe4 O-O 13. Re1 f6 14. Nh4 Qf7 15.
Nc5 b6 16. Bg6 Qe7 17. Nd3 f5 18. Qxh5 Qf6 19. Re2 Bd7 20. Rae1 Nd8 21. Ne5 Be8
22. Bxe8 Nf7 23. Bxf7+ 1-0

[Event "oro negro"]
[Site "http://www.queenalice.com/game.php?id=946049"]
[Date "2011.6.4"]
[Round "-"]
[White "francoxx48"]
[Black "TecmoTim"]
[Result "0-1"]
[WhiteElo "1263"]
[BlackElo "2113"]

1. e4 c5 2. d3 Nc6 3. c4 g6 4. b3 Bg7 5. Nd2 Bxa1 6. Ndf3 Bc3+ 7. Bd2 Qa5 8. Ne2
Bxd2+ 9. Nxd2 Qxa2 10. Nc3 Qa5 11. Ndb1 d6 12. Qf3 Nd4 13. Qd1 Nf6 14. f3 Bd7
15. g4 b5 16. g5 Nh5 17. Kf2 bxc4 18. dxc4 Rb8 19. Nd5 Rxb3 20. Nbc3 Rxc3 21.
Nc7+ Qxc7 22. Qa1 Rxf3+ 23. Kg1 O-O 24. h4 f6 25. Rh2 fxg5 26. Be2 Nxe2+ 27. Kg2
Rf2+ 0-1

[Event "QA-ANNIV-05"]
[Site "http://www.queenalice.com/game.php?id=983051"]
[Date "2011.9.9"]
[Round "10"]
[White "TecmoTim"]
[Black "CCapivara"]
[Result "1-0"]
[WhiteElo "2114"]
[BlackElo "2122"]

1. d4 d5 2. Nf3 Nf6 3. Bg5 Nbd7 4. e3 e6 5. Bd3 Be7 6. Nbd2 O-O 7. O-O b6 8. c3
Bb7 9. Re1 c5 10. h3 Rc8 11. Rc1 c4 12. Bc2 b5 13. Bxf6 Bxf6 14. e4 dxe4 15.
Nxe4 Re8 16. Nd6 Qc7 17. Nxe8 Rxe8 18. Qe2 Nb6 19. Be4 Nd5 20. Nh2 Qf4 21. Qf3
Qg5 22. Ng4 Bd8 23. Ne5 Bf6 24. Rcd1 Ba8 25. Qg4 Qh6 26. Qg3 a6 27. Ng4 Qg5 28.
Nxf6+ Qxf6 29. Bf3 h6 30. Re5 Rd8 31. a3 Bc6 32. Rde1 Rd7 33. R1e4 Ne7 34. Rf4
Nf5 35. Bxc6 Nxg3 36. Rxf6 gxf6 37. Bxd7 fxe5 38. fxg3 exd4 39. cxd4 1-0

[Event "AUTO-OPEN-2087"]
[Site "http://www.queenalice.com/game.php?id=989182"]
[Date "2011.9.24"]
[Round "3"]
[White "TecmoTim"]
[Black "colombHouse"]
[Result "0-1"]
[WhiteElo "2126"]
[BlackElo "2310"]

1. d4 d5 2. Nf3 Nc6 3. Bg5 f6 4. Bh4 g5 5. Bg3 g4 6. Ng1 e5 7. dxe5 h5 8. e4 h4
9. Bf4 fxe5 10. exd5 exf4 11. dxc6 Qxd1+ 12. Kxd1 Ne7 13. cxb7 Bxb7 14. Bd3 Bxg2
0-1

[Event "AUTO-OPEN-2087"]
[Site "http://www.queenalice.com/game.php?id=989184"]
[Date "2011.9.24"]
[Round "3"]
[White "TecmoTim"]
[Black "Eliasz"]
[Result "0-1"]
[WhiteElo "2120"]
[BlackElo "2351"]

1. d4 d5 2. Nf3 Nf6 3. Bg5 Nbd7 4. Nbd2 h6 5. Bh4 c5 6. e3 Qb6 7. b3 cxd4 8.
exd4 g5 9. Bg3 g4 10. Ne5 Qxd4 11. Nd3 Ne4 12. Nxe4 dxe4 13. Nf4 Qc3+ 14. Ke2 b6
15. Nd5 Ba6+ 0-1